| 000 | 01792nam a22004337a 4500 | ||
|---|---|---|---|
| 001 | 689868 | ||
| 003 | OSt | ||
| 005 | 20210422060317.0 | ||
| 008 | 960401s1997 nyua b 001 0 eng c | ||
| 010 | _a 96016768 | ||
| 020 | _a0827371330 | ||
| 040 |
_aDNLM/DLC _cDLC _deng _beng |
||
| 041 | _aeng | ||
| 050 | 0 | 0 |
_aRA425 _b.S515 1997 |
| 060 | 1 | 0 | _aW 84.3 S555h 1997 |
| 080 |
_a614 _bS-54 |
||
| 082 | 0 | 0 |
_a362.1/072 _220 |
| 100 | 1 | _aShi, Leiyu. | |
| 245 | 1 | 0 |
_aHealth services research methods / _cLeiyu Shi. _b/ by: Delmar Publishers, |
| 260 |
_aAlbany : _bDelmar Publishers, _cc1997. |
||
| 300 |
_axvii, 410 p. : _bill. ; _c25 cm. |
||
| 440 | 0 | _aDelmar series in health services administration | |
| 504 | _aIncludes bibliographical references and index. | ||
| 650 | 0 |
_aMedical care _xResearch _xMethodology. |
|
| 650 | 0 |
_aPublic health _xResearch _xMethodology. |
|
| 650 | 1 | 2 |
_aHealth Services Research _xmethods. |
| 650 | 2 | 2 | _aResearch Design. |
| 650 | 2 | 2 |
_aData Collection _xmethods. |
| 650 | 2 | 2 |
_aStatistics _xmethods. |
| 653 | _aსაზოგადოებრივი ჯანდაცვა | ||
| 653 | _aჯანდაცვის სერვისების კვლევა | ||
| 653 | _aმონაცემების შეგროვება | ||
| 856 | 4 | 2 |
_3Contributor biographical information _uhttp://www.loc.gov/catdir/enhancements/fy1514/96016768-b.html |
| 856 | 4 | 2 |
_3Publisher description _uhttp://www.loc.gov/catdir/enhancements/fy1514/96016768-d.html |
| 856 | 4 | 1 |
_3Table of contents only _uhttp://www.loc.gov/catdir/enhancements/fy1514/96016768-t.html |
| 906 |
_a7 _bcbc _corignew _d1 _eocip _f19 _gy-gencatlg |
||
| 942 |
_2udc _cBK |
||
| 999 |
_c808 _d808 |
||